Nebezpečná rychlost /
Utíkám před svým bývalým a nemám jinou možnost, než se po deseti letech vrátit za svým bratrem. Do světa NASCAR. Mezi vůni benzínu, rychlá auta a sexy muže, kteří jezdí na hraně a někdy až za ní. Návrat domů měl být únikem, místo toho se mění v adrenalinovou jízdu plnou vášně, nebezpečí a z...
Uloženo v:
| Hlavní autor: | |
|---|---|
| Médium: | E-kniha |
| Jazyk: | Czech |
| Vydáno: |
Praha :
Nakladatelství Solis s.r.o.,
2025
|
| Tagy: |
Žádné tagy |
| LEADER | 01460nam a22002297i 4500 | ||
|---|---|---|---|
| 001 | 312808 | ||
| 007 | ta | ||
| 008 | 260601s2025 xr ||||| |||| 00| 0 cze d | ||
| 020 | |a 9990004222977 | ||
| 044 | |a xr | ||
| 100 | 1 | |a Chaloupková, Kateřina |4 aut | |
| 245 | 1 | 0 | |a Nebezpečná rychlost / |c Chaloupková, Kateřina |
| 264 | 1 | |a Praha : |b Nakladatelství Solis s.r.o., |c 2025 | |
| 300 | |a 1 online zdroj (211 stran) | ||
| 336 | |a text |b txt |2 rdacontent | ||
| 337 | |a bez média |b n |2 rdamedia | ||
| 338 | |a online zdroj |b cr |2 rdacarrier | ||
| 520 | 2 | |a Utíkám před svým bývalým a nemám jinou možnost, než se po deseti letech vrátit za svým bratrem. Do světa NASCAR. Mezi vůni benzínu, rychlá auta a sexy muže, kteří jezdí na hraně a někdy až za ní. Návrat domů měl být únikem, místo toho se mění v adrenalinovou jízdu plnou vášně, nebezpečí a zakázaných pokušení.Jakmile překročíme hranici, už není cesty zpět. Jedna lež, jedna chyba a náš život už nebude stejný. | |
| 910 | |a RBIT002 | ||
| 998 | |d 422297 |a https://core.palmknihy.cz/api/books/422297/cover?t2b923 |b https://core.palmknihy.cz/api/books/422297/cover/400?t2b923 |c https://core.palmknihy.cz/api/books/422297/cover/50?t2b923 |e 2031-12-31 |g 211 |i 9990004222977 |j https://core.palmknihy.cz/api/books/422297/preview.epub |k https://core.palmknihy.cz/api/books/422297/preview.pdf |l |q 49 |r 1 |s https://www.palmknihy.cz/kniha/422297 |t ebook |y 2025 |z 1 | ||
| 999 | |d 312806 | ||